Business Manager (Record no. 11816)

MARC details
000 -LEADER
fixed length control field 00481nam a2200181 4500
003 - CONTROL NUMBER IDENTIFIER
control field OSt
005 - DATE AND TIME OF LATEST TRANSACTION
control field 20230130144617.0
008 - FIXED-LENGTH DATA ELEMENTS--GENERAL INFORMATION
fixed length control field 230130b ||||| |||| 00| 0 eng d
022 ## - INTERNATIONAL STANDARD SERIAL NUMBER
Source 97881896395
040 ## - CATALOGING SOURCE
Transcribing agency Business Manager
082 ## - DEWEY DECIMAL CLASSIFICATION NUMBER
Edition number 658
245 ## - TITLE STATEMENT
Title Business Manager
Remainder of title Making HR People Complete
260 ## - PUBLICATION, DISTRIBUTION, ETC. (IMPRINT)
Place of publication, distribution, etc Allahabad
Name of publisher, distributor, etc Law Publishing House
310 ## - CURRENT PUBLICATION FREQUENCY
Current publication frequency Monthly
650 ## - SUBJECT ADDED ENTRY--TOPICAL TERM
Source of heading or term Management
856 ## - ELECTRONIC LOCATION AND ACCESS
Uniform Resource Identifier https://www.businessmanager.in/past-issues/
942 ## - ADDED ENTRY ELEMENTS (KOHA)
Source of classification or shelving scheme Dewey Decimal Classification
Koha item type Periodicals
Serial record 1
Holdings
Withdrawn status Lost status Source of classification or shelving scheme Damaged status Not for loan Home library Current library Shelving location Date acquired Serial Enumeration / Volume No. Total Checkouts Date last seen Bill Date Koha item type
    Dewey Decimal Classification     PIET C-LIBRARY PIET C-LIBRARY Periodical Section 30/01/2023 Vol 25, No 1   30/01/2023 30/01/2023 Periodicals
    Dewey Decimal Classification     PIET C-LIBRARY PIET C-LIBRARY On Display 06/02/2023 Vol 25, No 2   06/02/2023 06/02/2023 Periodicals
    Dewey Decimal Classification     PIET C-LIBRARY PIET C-LIBRARY On Display 23/05/2023 Vol 25, No 3   23/05/2023 23/05/2023 Periodicals
    Dewey Decimal Classification     PIET NCR College Library PIET NCR College Library   16/02/2023 Vol 25, No 4   16/02/2023 16/02/2023 Periodicals
    Dewey Decimal Classification     PIET NCR College Library PIET NCR College Library   16/02/2023 Vol 25, No 5   16/02/2023 16/02/2023 Periodicals
    Dewey Decimal Classification     PIET NCR College Library PIET NCR College Library   16/02/2023 Vol 25, No 6   16/02/2023 16/02/2023 Periodicals
    Dewey Decimal Classification     PIET NCR College Library PIET NCR College Library   21/02/2023 Vol 25, No 8   21/02/2023 21/02/2023 Periodicals
    Dewey Decimal Classification     PIET NCR College Library PIET NCR College Library Periodical Section 20/05/2023 Vol.25, No 10   20/05/2023   Periodicals
    Dewey Decimal Classification     PIET NCR College Library PIET NCR College Library Periodical Section 20/05/2023 Vol.25, No. 11   20/05/2023   Periodicals

Design & Developed by: PIET Central Library
R70 Miles Stone Pattikalyana Samalkha Panipat 132102
mail ID :- [email protected], Phone No:- 0180-2569700 Ex.216